Normal view
MARC view
- Caparrós Civera, Neus
Entry Nombre Personal
001 - NUMERO DE CONTROL
- campo de control: 49800
003 - IDENTIFICADOR DE NUMERO DE CONTROL
- campo de control: DLC
005 - FECHA Y HORA DE LA ÜLTIMA TRANSACCIÓN
- campo de control: 20230821151957.0
008 - DATOS DE LONGITUD FIJA
- campo de control de longitud fija: 030623nn acnnnaabn |a aaa u
010 ## - NÚMERO DE CONTROL DE LA BIBLIOTECA DEL CONGRESO
- Número de control LC: n 2003101993
040 ## - FUENTE DE CATALOGACIÓN
- Agencia original de catalogación: DLC
- Lenguaje de catalogación: spa
- Agencia de transcripción: DLC
- Agencia que lo modifica: MX-MxUPN
100 1# - ENCABEZAMIENTO - NOMBRE PERSONAL
- Nombre personal: Caparrós Civera, Neus
400 1# - VEÁSE - NOMBRE DE PERSONA
- Personal name: Civera, Neus Caparrós
670 ## - FUENTE EN LA QUE SE LOCALIZARON DATOS
- Cita de la fuente: El acogimiento familiar, c2001:
- Información localizada: portada (Neus Caparrós Civera)
670 ## - FUENTE EN LA QUE SE LOCALIZARON DATOS
- Cita de la fuente: Escucha y participación en la infancia y adolescencia, 2020:
- Información localizada: portada (Neus Caparrós Civera)
902 ## - CATALOGADOR
- Catalogador: VíctorGodínez/210823
